000 00418nam a22001697a 4500
003 NUST
020 _a8181477375
038 _aKhadija
082 _a620.0028
_bJON
100 _a Noltingk B E
_987424
245 _aJones' Instrument Technology vol 1:
_bMechanical Measurements /
_cB E Noltingk
250 _a4th
260 _aNew Delhi, India
_bElsevier
_c2005
300 _ap165
563 _aPB
942 _2ddc
_cBK
999 _c587514
_d587514